[Event "Hessen-chA"]
[Site "Frankfurt"]
[Date "2019.05.31"]
[Round "3"]
[White "Carow, Annelen"]
[Black "Foerster Yialamas, Lucas"]
[Result "1-0"]
[WhiteElo "2131"]
[BlackElo "1981"]
[PlyCount "59"]
[EventDate "2019.05.30"]
[EventType "swiss"]
[EventRounds "7"]
[EventCountry "GER"]
[SourceTitle "EXT 2020"]
[Source "ChessBase"]
[SourceDate "2019.10.17"]
[SourceVersion "1"]
[SourceVersionDate "2019.10.17"]
[SourceQuality "1"]

1. d4 Nf6 2. c4 g6 3. f3 d5 4. cxd5 Nxd5 5. e4 Nb6 6. Nc3 Bg7 7. Be3 0-0 8. Qd2 Nc6 9. 0-0-0 Na5 10. b3 Nc6 11. h4 e5 12. d5 Ne7 13. h5 f5 14. hxg6 hxg6 15. Bxb6 axb6 16. d6 cxd6 17. Bc4+ Rf7 18. Qxd6 Qf8 19. Qc7 Bh6+ 20. Kb1 Kh7 21. Bxf7 Qxf7 22. Nd5 Be6 23. Qxe7 Bxd5 24. Qh4 Qg7 25. Rxd5 fxe4 26. Qxh6+ Qxh6 27. Rd7+ Kg8 28. Rxh6 e3 29. Rxg6+ Kf8 30. Ne2 1-0

[Event "Hessen-chA"]
[Site "Frankfurt"]
[Date "2019.05.30"]
[Round "1"]
[White "Carow, Annelen"]
[Black "Thomas, Tobias"]
[Result "1-0"]
[WhiteElo "2131"]
[BlackElo "1942"]
[PlyCount "31"]
[EventDate "2019.05.30"]
[EventType "swiss"]
[EventRounds "7"]
[EventCountry "GER"]
[SourceTitle "EXT 2020"]
[Source "ChessBase"]
[SourceDate "2019.10.17"]
[SourceVersion "1"]
[SourceVersionDate "2019.10.17"]
[SourceQuality "1"]

1. d4 Nf6 2. c4 g6 3. f3 d5 4. cxd5 Nxd5 5. e4 Nb6 6. Nc3 Bg7 7. Be3 0-0 8. Qd2 Nc6 9. 0-0-0 Qd6 10. Kb1 Rd8 11. Nb5 Qd7 12. d5 Ne5 13. Qc2 Nc6 14. Rd2 Nb4 15. Qxc7 Na4 16. Qa5 1-0

[Event "Staufer op-A 30th"]
[Site "Schwaebisch Gmuend"]
[Date "2018.01.04"]
[Round "6"]
[White "Kraus, Tomas"]
[Black "Carow, Annelen"]
[Result "1-0"]
[WhiteElo "2426"]
[BlackElo "2110"]
[PlyCount "113"]
[EventDate "2018.01.02"]
[EventType "swiss"]
[EventRounds "9"]
[EventCountry "GER"]
[SourceTitle "CBM 182 Extra"]
[Source "ChessBase"]
[SourceDate "2018.02.23"]
[SourceVersion "1"]
[SourceVersionDate "2018.02.23"]
[SourceQuality "1"]

1. d4 Nf6 2. Bf4 e6 3. e3 c5 4. Nd2 Be7 5. c3 0-0 6. Bd3 b6 7. Qe2 d5 8. Ngf3 Bb7 9. Ne5 Nc6 10. Rd1 Qc8 11. Bg5 Nd7 12. h4 Ncxe5 13. dxe5 Re8 14. Bxe7 Rxe7 15. Qh5 Nf8 16. Rh3 f5 17. exf6 gxf6 18. Rg3+ Rg7 19. Rxg7+ Kxg7 20. e4 Ba6 21. Qg4+ Kh8 22. Bxa6 Qxa6 23. Qf4 Kg7 24. Qc7+ Kg8 25. exd5 exd5 26. Qc6 Qc8 27. Qxd5+ Qe6+ 28. Ne4 Re8 29. Kf1 Kg7 30. Qxe6 Rxe6 31. Nd6 Kg6 32. Rd5 h5 33. f4 f5 34. g3 Nd7 35. Nc4 Nf6 36. Ne5+ Kg7 37. Rd8 a6 38. Ra8 Ne4 39. Ra7+ Kg8 40. Rxa6 Nxg3+ 41. Kg2 Ne4 42. Ra8+ Kg7 43. Ra7+ Kg8 44. a4 Nf6 45. Ra8+ Kg7 46. Rd8 Ng4 47. Rd7+ Kg8 48. Rb7 Nf6 49. Kf3 Kf8 50. Nc4 Nd5 51. Ne5 Ke8 52. Rg7 Nf6 53. Rg5 Rd6 54. Rxf5 Ke7 55. Nc4 Rc6 56. Re5+ Kf7 57. Rxh5 1-0

[Event "Staufer op-A 30th"]
[Site "Schwaebisch Gmuend"]
[Date "2018.01.02"]
[Round "2"]
[White "Schitco, Ivan"]
[Black "Carow, Annelen"]
[Result "1/2-1/2"]
[WhiteElo "2334"]
[BlackElo "2110"]
[PlyCount "84"]
[EventDate "2018.01.02"]
[EventType "swiss"]
[EventRounds "9"]
[EventCountry "GER"]
[SourceTitle "CBM 182 Extra"]
[Source "ChessBase"]
[SourceDate "2018.02.23"]
[SourceVersion "1"]
[SourceVersionDate "2018.02.23"]
[SourceQuality "1"]

1. d4 Nf6 2. Nf3 e6 3. Bf4 c5 4. e3 Be7 5. h3 0-0 6. c3 b6 7. Nbd2 d6 8. Bd3 Ba6 9. Qe2 Bxd3 10. Qxd3 Nc6 11. a3 d5 12. Ne5 Nxe5 13. Bxe5 Bd6 14. f4 Ne8 15. 0-0 f6 16. Bxd6 Nxd6 17. dxc5 bxc5 18. c4 Nf5 19. cxd5 Qxd5 20. Qxd5 exd5 21. e4 Ng3 22. Rfe1 Nxe4 23. Nxe4 dxe4 24. Rxe4 Rab8 25. Rc1 Rxb2 26. Rxc5 Rb7 27. Ra5 Rc8 28. f5 h6 29. Rea4 Rc1+ 30. Kh2 Rcc7 31. Kg3 Rc3+ 32. Kh4 Rb2 33. Rxa7 Rxg2 34. Rg4 Rxg4+ 35. hxg4 Kh7 36. Ra8 Rb3 37. a4 Ra3 38. a5 Rb3 39. a6 Rc3 40. Ra7 Ra3 41. Ra8 Rc3 42. Ra7 Ra3 1/2-1/2

[Event "Rheinland Pfalz op 8th"]
[Site "Reil an der Mosel"]
[Date "2016.05.28"]
[Round "5"]
[White "Carow, Annelen"]
[Black "Boidman, Yuri"]
[Result "0-1"]
[WhiteElo "2072"]
[BlackElo "2333"]
[PlyCount "46"]
[EventDate "2016.05.26"]
[EventType "swiss"]
[EventRounds "7"]
[EventCountry "GER"]
[SourceTitle "EXT 2018"]
[Source "ChessBase"]
[SourceDate "2017.10.13"]
[SourceVersion "1"]
[SourceVersionDate "2017.10.13"]
[SourceQuality "1"]

1. d4 d6 2. e4 Nf6 3. Nc3 g6 4. Nf3 Bg7 5. h3 c6 6. a4 0-0 7. Bd3 Nbd7 8. Qe2 e5 9. dxe5 dxe5 10. Be3 Qe7 11. 0-0 Nc5 12. Rab1 Nxd3 13. cxd3 a5 14. Nd2 Be6 15. Nc4 Nd7 16. Rfc1 f5 17. Nb6 f4 18. Nxa8 fxe3 19. fxe3 Rxa8 20. Re1 Bb3 21. Ra1 Nc5 22. Ra3 Rd8 23. Kh1 Qe6 0-1

[Event "Oberliga Sued W 1516"]
[Site "Germany"]
[Date "2016.03.06"]
[Round "8.6"]
[White "Schluchter, Steffen"]
[Black "Carow, Annelen"]
[Result "1-0"]
[WhiteElo "2174"]
[BlackElo "2114"]
[PlyCount "109"]
[EventDate "2015.09.20"]
[EventType "team-tourn"]
[EventRounds "9"]
[EventCountry "GER"]
[SourceTitle "EXT 2017"]
[Source "ChessBase"]
[SourceDate "2016.10.25"]
[SourceVersion "1"]
[SourceVersionDate "2016.10.25"]
[SourceQuality "1"]
[WhiteTeam "Worms"]
[BlackTeam "Heidesheim"]
[WhiteTeamCountry "GER"]
[BlackTeamCountry "GER"]

1. d4 Nf6 2. c4 c5 3. d5 b5 4. cxb5 a6 5. bxa6 g6 6. Nc3 Bg7 7. e4 0-0 8. Nf3 Qa5 9. Nd2 Bxa6 10. Be2 Bxe2 11. Qxe2 e6 12. 0-0 exd5 13. exd5 Re8 14. Qc4 Na6 15. a3 d6 16. Qh4 Nc7 17. Nc4 Qa6 18. Ne3 Re5 19. Rd1 Rae8 20. h3 Ne4 21. Bd2 f5 22. Rab1 Bf6 23. Qf4 Bg5 24. Qf3 Nxd2 25. Rxd2 Bxe3 26. fxe3 Rxe3 27. Qf2 Nb5 28. Qf1 Nc7 29. Qxa6 Nxa6 30. Nb5 Rd8 31. Kf2 Re5 32. Rc1 Kf7 33. Rc4 Ke7 34. Na7 Nb8 35. Ra4 Kf6 36. Ra5 Ke7 37. b4 cxb4 38. axb4 Re4 39. Rb5 Rd7 40. Nc8+ Kd8 41. Rxb8 Kc7 42. Ra8 Rd8 43. Rda2 Rxb4 44. Ne7 Rxa8 45. Rxa8 Rb2+ 46. Kg3 f4+ 47. Kf3 g5 48. Rg8 Rb3+ 49. Kf2 Rb2+ 50. Kg1 Rb1+ 51. Kh2 h6 52. Nf5 Rd1 53. Nxh6 Rxd5 54. Nf7 Rd2 55. Nxg5 1-0

[Event "Boeblingen op 32nd"]
[Site "Boeblingen"]
[Date "2015.12.29"]
[Round "6"]
[White "Cafolla, Peter"]
[Black "Carow, Annelen"]
[Result "1/2-1/2"]
[WhiteElo "2038"]
[BlackElo "2152"]
[PlyCount "78"]
[EventDate "2015.12.26"]
[EventType "swiss"]
[EventRounds "9"]
[EventCountry "GER"]
[SourceTitle "EXT 2023"]
[Source "ChessBase"]
[SourceDate "2022.10.05"]
[SourceVersion "1"]
[SourceVersionDate "2022.10.05"]
[SourceQuality "1"]

1. e4 c5 2. Nc3 a6 3. a4 Nc6 4. g3 e6 5. Bg2 d6 6. d3 Nf6 7. f4 d5 8. e5 Nd7 9. Nf3 Be7 10. 0-0 Rb8 11. Ne2 b5 12. axb5 axb5 13. d4 Qb6 14. Kh1 b4 15. f5 Ba6 16. fxe6 fxe6 17. Ng5 Bxe2 18. Qxe2 Nxd4 19. Qh5+ g6 20. Qd1 Bxg5 21. Bxg5 h6 22. Bf6 0-0 23. Qg4 Kh7 24. Bxd5 Nf5 25. Rxf5 exf5 26. Qc4 Nxf6 27. Ra6 Qb5 28. exf6 Qxc4 29. Bxc4 Ra8 30. Rc6 Rfc8 31. Re6 Re8 32. Rc6 Rac8 33. Ra6 Rc7 34. Kg2 Rd8 35. Re6 Rd4 36. b3 Re4 37. Rd6 Rc8 38. Rd7+ Kh8 39. Rg7 g5 1/2-1/2

[Event "BL2 Sued 1516 (Women)"]
[Site "Germany"]
[Date "2015.09.27"]
[Round "2.1"]
[White "Skibbe, Diana"]
[Black "Carow, Annelen"]
[Result "0-1"]
[WhiteElo "2054"]
[BlackElo "2114"]
[PlyCount "58"]
[EventDate "2015.09.26"]
[EventType "team-tourn"]
[EventRounds "7"]
[EventCountry "GER"]
[SourceTitle "EXT 2017"]
[Source "ChessBase"]
[SourceDate "2016.10.25"]
[SourceVersion "1"]
[SourceVersionDate "2016.10.25"]
[SourceQuality "1"]
[WhiteTeam "Zeulenroda (W)"]
[BlackTeam "Langen (W)"]
[WhiteTeamCountry "GER"]
[BlackTeamCountry "GER"]

1. e4 c5 2. c3 Nf6 3. e5 Nd5 4. d4 cxd4 5. Qxd4 e6 6. Nf3 Nc6 7. Qe4 f5 8. exf6 Nxf6 9. Qh4 Be7 10. Bg5 e5 11. Nbd2 d5 12. Bb5 Qc7 13. 0-0 0-0 14. c4 d4 15. Rfe1 h6 16. Bxf6 Bxf6 17. Qg3 Nb4 18. Nxd4 Qd8 19. Qb3 Qxd4 20. Qxb4 Bh4 21. Nf3 Qxf2+ 22. Kh1 Rxf3 23. c5 Rf4 24. Qb3+ Kh8 25. Rf1 Qxc5 26. Rfc1 Qe7 27. Qd5 Rd4 28. Qf3 Bg4 29. Qe3 Bg5 0-1

[Event "Wiesbaden op 27th"]
[Site "Wiesbaden"]
[Date "2015.08.29"]
[Round "4"]
[White "Carow, Annelen"]
[Black "Lang, Michael"]
[Result "1/2-1/2"]
[WhiteElo "2114"]
[BlackElo "1885"]
[PlyCount "76"]
[EventDate "2015.08.27"]
[EventType "swiss"]
[EventRounds "7"]
[EventCountry "GER"]
[SourceTitle "EXT 2016"]
[Source "ChessBase"]
[SourceDate "2015.10.08"]
[SourceVersion "1"]
[SourceVersionDate "2015.10.08"]
[SourceQuality "1"]

1. d4 Nf6 2. c4 e6 3. Nc3 Bb4 4. Qc2 d5 5. cxd5 exd5 6. Bg5 h6 7. Bxf6 Qxf6 8. a3 Bxc3+ 9. Qxc3 0-0 10. Nf3 c6 11. e3 a5 12. Rc1 a4 13. Be2 Re8 14. Ne5 Qg5 15. 0-0 Bh3 16. Bf3 Nd7 17. Nxd7 Bxd7 18. Qb4 Bc8 19. Kh1 Qe7 20. Qd2 Qd8 21. Be2 Bf5 22. Rc5 Re6 23. Qd1 Qg5 24. Bd3 Rg6 25. Rg1 Re8 26. Bxf5 Qxf5 27. Qd2 Ree6 28. f3 Qg5 29. Rc3 Qe7 30. Re1 f5 31. g3 Rgf6 32. Rd1 Qe8 33. Qf2 Re7 34. Kg1 Rfe6 35. Rdd3 g6 36. Qd2 Kg7 37. Kf2 g5 38. Rc2 Kg6 1/2-1/2

[Event "Wiesbaden op 27th"]
[Site "Wiesbaden"]
[Date "2015.08.29"]
[Round "5"]
[White "Modric, Vladimir"]
[Black "Carow, Annelen"]
[Result "0-1"]
[WhiteElo "1911"]
[BlackElo "2114"]
[PlyCount "110"]
[EventDate "2015.08.27"]
[EventType "swiss"]
[EventRounds "7"]
[EventCountry "GER"]
[SourceTitle "EXT 2016"]
[Source "ChessBase"]
[SourceDate "2015.10.08"]
[SourceVersion "1"]
[SourceVersionDate "2015.10.08"]
[SourceQuality "1"]

1. d4 Nf6 2. e3 c5 3. Nf3 d5 4. c3 e6 5. Bd3 Nc6 6. Nbd2 Bd6 7. 0-0 0-0 8. e4 cxd4 9. cxd4 Nb4 10. Bb1 dxe4 11. Nxe4 Be7 12. Nxf6+ Bxf6 13. Qe1 Nd5 14. Qe4 g6 15. Bh6 Re8 16. Ne5 Bg7 17. Bxg7 Kxg7 18. Bc2 Bd7 19. Bb3 Bb5 20. Rfe1 f6 21. Nf3 Bc6 22. Qg4 Qd6 23. Rad1 a5 24. a3 Rad8 25. Bc2 Qf4 26. Qxf4 Nxf4 27. Be4 Nd5 28. Nd2 Ne7 29. Bxc6 Nxc6 30. Nf3 Rd5 31. Rc1 Kf7 32. h4 Red8 33. Rc5 R8d7 34. Rxd5 Rxd5 35. Rc1 Ke7 36. Rc5 Kd6 37. Nd2 Rxd4 38. Rc2 Rxh4 39. f3 Rd4 40. Ne4+ Ke7 41. Nc5 Nd8 42. Nb3 Rd1+ 43. Kh2 Nc6 44. Nc5 Nd8 45. Nb3 Rd5 46. a4 Kd6 47. Nd2 Nc6 48. Ne4+ Ke7 49. Nc5 Nb4 50. Rc3 b6 51. Ne4 f5 52. Ng5 h6 53. Nh3 e5 54. Re3 Kf6 55. Rc3 Rd2 0-1

[Event "Wiesbaden op 27th"]
[Site "Wiesbaden"]
[Date "2015.08.27"]
[Round "1"]
[White "Buese, Ralf"]
[Black "Carow, Annelen"]
[Result "1/2-1/2"]
[WhiteElo "1723"]
[BlackElo "2114"]
[PlyCount "114"]
[EventDate "2015.08.27"]
[EventType "swiss"]
[EventRounds "7"]
[EventCountry "GER"]
[SourceTitle "EXT 2016"]
[Source "ChessBase"]
[SourceDate "2015.10.08"]
[SourceVersion "1"]
[SourceVersionDate "2015.10.08"]
[SourceQuality "1"]

1. d4 Nf6 2. Bf4 c5 3. e3 d5 4. c3 Qb6 5. Qb3 Nc6 6. Nd2 Bf5 7. Ngf3 Qxb3 8. axb3 cxd4 9. exd4 h6 10. Bb5 Bd7 11. h3 g5 12. Bh2 Bg7 13. Bd3 0-0 14. b4 a6 15. 0-0 Na7 16. Rfe1 Rfe8 17. Nb3 Bb5 18. Bxb5 Nxb5 19. Nc5 b6 20. Nb3 Nd7 21. Ra2 Ra7 22. Rea1 Rea8 23. Nc1 e6 24. Nb3 Bf8 25. Nc1 Bd6 26. Nd3 Bxh2+ 27. Kxh2 f6 28. Re1 Kf7 29. g4 Rh8 30. Raa1 Nb8 31. h4 Rc7 32. Re3 Nd6 33. Rae1 Re7 34. h5 Rhe8 35. Nd2 Nc6 36. f4 Rg8 37. Kh3 Nc4 38. R3e2 Nd6 39. Rf2 Kg7 40. Ref1 Rge8 41. fxg5 fxg5 42. Rf6 Rf7 43. Rg6+ Kh7 44. Rff6 Rxf6 45. Rxf6 Re7 46. Ne5 Nxe5 47. dxe5 Nf7 48. Nf3 a5 49. b5 Kg7 50. Rg6+ Kh7 51. Kg3 Re8 52. Rf6 Kg7 53. Rg6+ Kh7 54. Kf2 Re7 55. Ke3 Re8 56. Kd4 Nd8 57. Rf6 Kg7 1/2-1/2

[Event "Heusenstamm Schloss op 1st"]
[Site "Heusenstamm"]
[Date "2014.11.21"]
[Round "3"]
[White "Leichum, Engelbert"]
[Black "Carow, Annelen"]
[Result "0-1"]
[WhiteElo "1745"]
[BlackElo "2034"]
[PlyCount "50"]
[EventDate "2014.11.20"]
[EventType "swiss"]
[EventRounds "7"]
[EventCountry "GER"]
[SourceTitle "CBM 163 Extra"]
[Source "ChessBase"]
[SourceDate "2014.12.23"]
[SourceVersion "1"]
[SourceVersionDate "2014.12.23"]
[SourceQuality "1"]

1. e4 c5 2. Bc4 Nc6 3. d3 a6 4. Be3 e6 5. Nf3 Nf6 6. c3 Be7 7. h3 d5 8. exd5 Nxd5 9. Qc2 Nxe3 10. fxe3 b5 11. Bb3 Bb7 12. Nbd2 Qd7 13. 0-0-0 Na5 14. Rhf1 Qc7 15. Ne4 Bxe4 16. dxe4 c4 17. Nd4 0-0 18. Qe2 cxb3 19. axb3 Rad8 20. e5 Nc6 21. Qh5 Qxe5 22. Qg4 Qxe3+ 23. Kb1 Nxd4 24. cxd4 Qxb3 25. Rf3 Qxd1+ 0-1

[Event "Oberliga Sued W 1415"]
[Site "Germany"]
[Date "2014.10.19"]
[Round "2.6"]
[White "Carow, Annelen"]
[Black "Jahn, Peter"]
[Result "1/2-1/2"]
[WhiteElo "2034"]
[BlackElo "2054"]
[PlyCount "87"]
[EventDate "2014.09.21"]
[EventType "team-tourn"]
[EventRounds "9"]
[EventCountry "GER"]
[SourceTitle "EXT 2019"]
[Source "ChessBase"]
[SourceDate "2018.10.10"]
[SourceVersion "1"]
[SourceVersionDate "2018.10.10"]
[SourceQuality "1"]
[WhiteTeam "Heidesheim"]
[BlackTeam "Heimbach Weis/Neuwied"]
[WhiteTeamCountry "GER"]
[BlackTeamCountry "GER"]

1. d4 Nf6 2. c4 c5 3. d5 b5 4. Qc2 Bb7 5. e4 bxc4 6. Bxc4 d6 7. Nc3 g6 8. Nf3 Bg7 9. 0-0 0-0 10. Bf4 Ba6 11. Bxa6 Nxa6 12. Rab1 Qb6 13. Qe2 Nc7 14. Qd3 Rab8 15. Bd2 Nd7 16. Rfc1 Qa6 17. Qc2 Rb7 18. a4 Rfb8 19. b3 Rb6 20. Na2 Qb7 21. b4 a6 22. h3 Ne8 23. Be3 a5 24. b5 Qc7 25. Nd2 R6b7 26. Nc4 Ne5 27. Bd2 Nxc4 28. Qxc4 Nf6 29. Qe2 Nd7 30. Nc3 Bxc3 31. Bxc3 Ra8 32. Qd2 Nb6 33. Ra1 Qd8 34. Re1 Qc8 35. Kh2 Rba7 36. g3 f6 37. Kg2 Qb7 38. f3 Kg7 39. h4 h6 40. Qf4 Qd7 41. g4 Rf8 42. g5 h5 43. Kh2 Nc4 44. Rg1 1/2-1/2

[Event "Oberliga Sued W 1415"]
[Site "Germany"]
[Date "2014.09.21"]
[Round "1.6"]
[White "Kahler, Heinz"]
[Black "Carow, Annelen"]
[Result "1/2-1/2"]
[WhiteElo "2010"]
[BlackElo "2034"]
[PlyCount "41"]
[EventDate "2014.09.21"]
[EventType "team-tourn"]
[EventRounds "9"]
[EventCountry "GER"]
[SourceTitle "EXT 2019"]
[Source "ChessBase"]
[SourceDate "2018.10.10"]
[SourceVersion "1"]
[SourceVersionDate "2018.10.10"]
[SourceQuality "1"]
[WhiteTeam "Schott Mainz II"]
[BlackTeam "Heidesheim"]
[WhiteTeamCountry "GER"]
[BlackTeamCountry "GER"]

1. c4 c5 2. Nc3 Nc6 3. Nf3 g6 4. d4 cxd4 5. Nxd4 Bg7 6. Nxc6 bxc6 7. g3 Rb8 8. Qa4 a5 9. e4 Ba6 10. Qc2 Qc7 11. Rb1 Nf6 12. Bf4 e5 13. Bg5 0-0 14. Rc1 Qa7 15. Be2 h6 16. Be3 Qb7 17. Bc5 Qxb2 18. Bxf8 Qxc2 19. Rxc2 Bxf8 20. 0-0 Bc5 21. Kg2 1/2-1/2

[Event "Magdeburg op-A"]
[Site "Magdeburg"]
[Date "2014.06.12"]
[Round "7"]
[White "Carow, Annelen"]
[Black "Hinrichs, Niklas"]
[Result "1-0"]
[WhiteElo "2050"]
[BlackElo "1711"]
[PlyCount "107"]
[EventDate "2014.06.08"]
[EventType "swiss"]
[EventRounds "9"]
[EventCountry "GER"]
[SourceTitle "CBM 160 Extra"]
[Source "ChessBase"]
[SourceDate "2014.07.01"]
[SourceVersion "1"]
[SourceVersionDate "2014.07.01"]
[SourceQuality "1"]

1. d4 d5 2. c4 c6 3. e3 Nf6 4. Nf3 e6 5. Nbd2 Nbd7 6. Bd3 b6 7. 0-0 Bb7 8. Qe2 Be7 9. b3 0-0 10. e4 dxe4 11. Nxe4 c5 12. Bb2 cxd4 13. Nxd4 Nc5 14. Nxc5 Bxc5 15. Nf3 Qe7 16. Ng5 h6 17. Bxf6 gxf6 18. Ne4 f5 19. Nxc5 Qxc5 20. Rae1 Kh7 21. Qe3 Rg8 22. f3 Rad8 23. Qxc5 bxc5 24. Bc2 Rd2 25. Rf2 Rgd8 26. Rfe2 Kg7 27. Kf2 Kf6 28. f4 R2d4 29. g3 R4d6 30. Re5 Rc8 31. R1e2 Ra6 32. Bb1 Rd6 33. Ke1 Bf3 34. Rd2 Rxd2 35. Kxd2 Bg4 36. Kc3 Ke7 37. Bd3 f6 38. Re3 a5 39. Bf1 Bh5 40. h3 Rd8 41. Bd3 Kd6 42. a3 Rb8 43. Bc2 Rb7 44. Rd3+ Ke7 45. Rd2 Bf3 46. Rf2 Bc6 47. Re2 Bf3 48. Re3 Bc6 49. Bxf5 Bd7 50. Bxe6 Bxe6 51. f5 Rb6 52. Rxe6+ Rxe6 53. fxe6 Kxe6 54. b4 1-0